| 000 | 00780nam a2200241 4500 | ||
|---|---|---|---|
| 001 | 6038 | ||
| 010 | _a9789720722591 | ||
| 021 | _b450502/18 | ||
| 090 | _a6038 | ||
| 100 | _a20251001d2019 bc y0pory50030103ba | ||
| 200 | 1 |
_aComo conquistar um lama _fadapt. Cristiana Neves _gil. Stuart Lynch |
|
| 210 | 9 |
_aPorto _cPorto Editora _d2019 |
|
| 215 |
_a[10] p. _cil. |
||
| 330 | _aSe queres conquistar um lama, usa estas rimas mirabolantes! Descobre os divertidos lamas com lantejoulas cintilantes! | ||
| 606 |
_914 _aLiteratura infantil |
||
| 606 |
_913 _aLiteratura Estrangeira |
||
| 675 |
_a82-93 _vBN _zpor |
||
| 675 |
_a821.1/.8 _vBN _zpor |
||
| 702 |
_aNeves _bCristiana _93316 |
||
| 702 |
_aLynch _bStuart _95729 |
||
| 801 | 0 |
_aPT _bBEN2VN _gRPC |
|
| 830 |
_cTânia Croca _d01/10/2025 |
||
| 990 | _cLIVROS | ||